Statistiques concernant Connaissez-vous vraiment HeavenFox ?

Cliquez ici pour prendre le quiz!

Statistiques générales

  • Ce quiz a été pris 34 fois
  • Le résultat moyen est 9 sur 18

Statistiques - réponses

QuestionRéponse% Correct
Veritable pseudoBlue
88%
Son véritable age28 (25 + 3 tqt)
82%
Le voisin ♥Sratuke
71%
Elle a apprit à le prononcer que récemmentSteud (Stud)
71%
La boisson qui coule dans ses veinesHoly
65%
🐶Lady | Pippa | Rookie
65%
Le jeu du débutMinecraft
65%
Ils ont la modération dans le sangYume | Brouk | Alec
65%
Type des streams anniversaireCuisine
59%
Ils possèdent la moitié des subsKoben | Tommy
59%
Perso RP après 2022Danica SCOTT | Laia VEGA | Callista PETRAKOS
53%
La ville la vraieParis
47%
Le gars sûrDenz
41%
🎤♀️🤠❤️Taylor Swift
35%
Perso event Koh Survivor RPCamélia COSTE
24%
Les amisiSpace | QXERTI | Genky | Liyaine
24%
Perso event School RPMarie-Jeanne DUBIGEON
24%
Perso RP avant 2022Jenna CAMERON | Hanna BLUE | Jet CARTER | Maddie CROW | Jenny EVANS | Riley BLUE
12%

Distribution des résultats

Percentile par nombre de réponses

% des personnes avec chaque résultat

Votre développement - résultats

Vous n’avez pas pris ce quiz